000 00357nam a2200145Ia 4500
008 230711s9999||||xx |||||||||||||| ||und||
041 _aENG
082 _a720
_bFR-A
100 _aFranklin,James R
245 0 _aArchitects professional practice manual
250 _a1st Ed.
260 _c2000
_aNew York
_bMcGraw Hill
650 _aArchitecture
942 _cBK
999 _c4716
_d4716